Name a Color for Every Letter - Statistics

General Stats
  • This quiz has been taken 52 times
  • The average score is 15 of 26
Answer Stats
Color % Correct
B Blue
95%
O Orange
91%
P Pink
91%
R Red
91%
Y Yellow
89%
G Gray
84%
V Violet
84%
C Crimson
82%
T Teal
75%
A Amber
70%
L Lavender
70%
I Indigo
68%
W White
66%
S Silver
64%
M Magenta
57%
E Emerald
50%
J Jade
41%
D Denim
39%
U Ultramarine
36%
N Navy
34%
H Hot Pink
27%
Q Quartz
27%
F Fucshia
23%
K Khaki
23%
Z Zinc
18%
X Xanthic
9%
No matching quizzes found
Score Distribution
Percent of People with Each Score
Percentile by Number Answered
Your Score History
You have not taken this quiz